Denmark 2011

Guardado en:
Detalles Bibliográficos
Formato: Libro
Lenguaje:inglés
Publicado: Paris OECD 2012
Colección:Value for money in government
Materias:
Etiquetas: Agregar Etiqueta
Sin Etiquetas, Sea el primero en etiquetar este registro!

MARC

LEADER 00000nam a2200000 4500
001 0169039
005 20240315120523.7
020 |a 978-92-64-13070-8 
041 0 |a eng 
044 |a FR 
245 1 0 |a Denmark 2011 
264 1 |a Paris  |b OECD  |c 2012 
300 |a 148 s. 
490 1 |a Value for money in government 
830 0 |a Value for money in government 
610 2 0 |a správa verejná 
610 2 0 |a správa štátna 
610 2 0 |a financie verejné 
610 2 0 |a výdavky verejné 
610 2 0 |a príjmy 
610 2 0 |a reformy 
610 2 0 |a Dánsko